[Event "Mercredi 2025.09.10 ABCD"]
[Site "Montreal CAN"]
[Date "2025.09.30"]
[Round "4"]
[White "Gadbois, Patrick"]
[Black "Qi, Jason"]
[Result "0-1"]
[WhiteElo "1854"]
[BlackElo "1801"]
[WhiteFideId "-1"]
[WhiteFideId "-1"]
[PlyCount "100"]
[GameId "2231151952573677"]
[EventDate "2025.09.10"]
[EventType "tourn"]
[EventRounds "5"]
[EventCountry "CAN"]

1. d4 d5 2. e3 Nf6 3. Bd3 c5 4. c3 Nc6 5. f4 Bg4 6. Nf3 e6 7. Nbd2 Bd6 8. O-O cxd4 9. cxd4 O-O 10. a3 Rc8 11. b4 Qb6 12. Bb2 Bf5 13. Bxf5 exf5 14. Ne5 a5 15. Qb1 g6 16. Nxc6 Rxc6 17. bxa5 Qxa5 18. Nf3 Ne4 19. Qd3 Rfc8 20. Rfc1 Qb6 21. Rxc6 Qxc6 22. Ne1 Qb6 23. Rb1 Qa5 24. Nf3 Qa6 25. Qxa6 bxa6 26. Rc1 Rb8 27. Rc2 Rb3 28. Re2 Bxa3 29. Bxa3 Rxa3 30. g3 Ra1+ 31. Kg2 Nc3 32. Rc2 Ra2 33. Ne1 Kf8 34. Kf1 Rxc2 35. Nxc2 a5 36. Ke1 Ke7 37. Kd2 Ne4+ 38. Kc1 Kd6 39. Kb2 Kc6 40. Kb3 Nd2+ 41. Ka4 Nf1 42. Kxa5 Nxh2 43. Nb4+ Kd6 44. Nd3 Nf1 45. Ne5 f6 46. Nf3 Nxg3 47. Nh4 Nf1 48. Ng2 h5 49. Kb4 g5 50. Kc3 h4 0-1

[Event "Mercredi 2025.09.10 ABCD"]
[Site "Montreal CAN"]
[Date "2025.10.08"]
[Round "5"]
[White "Qi, Jason"]
[Black "Porlier, Xavier"]
[Result "1/2-1/2"]
[WhiteElo "1801"]
[BlackElo "1845"]
[WhiteFideId "-1"]
[WhiteFideId "-1"]
[PlyCount "82"]
[GameId "2231151952573678"]
[EventDate "2025.09.10"]
[EventType "tourn"]
[EventRounds "5"]
[EventCountry "CAN"]

1. e4 c5 2. Nf3 e6 3. d4 cxd4 4. Nxd4 Nc6 5. Nc3 Qc7 6. Be3 a6 7. a3 Nf6 8. f4 Nxd4 9. Bxd4 Bc5 10. e5 Bxd4 11. Qxd4 Ng4 12. h3 Nh6 13. g4 O-O 14. O-O-O b5 15. f5 f6 16. exf6 Rxf6 17. Ne4 Rf8 18. Nd6 Bb7 19. Rg1 Bd5 20. Ne4 Qf4+ 21. Qd2 Qxe4 22. Bg2 Qc4 23. Bxd5 Qxd5 24. Qxd5 exd5 25. Rxd5 Ra7 26. Rgd1 Rf7 27. Rd6 Kf8 28. Rb6 Ke7 29. Re1+ Kd8 30. Rb8+ Kc7 31. Rh8 d6 32. Rxh7 Ng8 33. g5 Kd8 34. Re6 Rad7 35. Rh8 Rf8 36. f6 gxf6 37. Rxf6 Nxf6 38. Rxf8+ Ne8 39. Rh8 Rg7 40. h4 Ke7 41. Kd2 Nc7 1/2-1/2

[Event "Mercredi 2025.09.10 ABCD"]
[Site "Montreal CAN"]
[Date "2025.10.08"]
[Round "5"]
[White "Hartner, Rian"]
[Black "Gadbois, Patrick"]
[Result "1-0"]
[WhiteElo "1801"]
[BlackElo "1854"]
[WhiteFideId "-1"]
[WhiteFideId "-1"]
[PlyCount "77"]
[GameId "2231151952573679"]
[EventDate "2025.09.10"]
[EventType "tourn"]
[EventRounds "5"]
[EventCountry "CAN"]

1. e4 e6 2. d4 d5 3. Nc3 dxe4 4. Nxe4 Nf6 5. Nxf6+ Qxf6 6. Nf3 h6 7. Bd3 Bd6 8. Be3 b6 9. Nd2 Bb7 10. Ne4 Qe7 11. Bb5+ Nd7 12. Nxd6+ Qxd6 13. O-O O-O-O 14. Re1 Qd5 15. Bf1 Nf6 16. c4 Qf5 17. Qa4 Kb8 18. c5 Qd5 19. b4 Ng4 20. Rad1 Nxe3 21. Rxe3 a6 22. f3 b5 23. Qc2 f6 24. a4 c6 25. axb5 axb5 26. Red3 Kc7 27. Qf2 Qg5 28. h4 Qg6 29. Qa2 Ra8 30. Qxe6 Rhd8 31. d5 Qe8 32. d6+ Kb8 33. Qe7 Qxe7 34. dxe7 Re8 35. Rd8+ Ka7 36. R1d7 Ka6 37. Bd3 Rc8 38. Rxe8 Rxe8 39. Bg6 1-0

[Event "Mercredi 2025.09.10 ABCD"]
[Site "Montreal CAN"]
[Date "2025.10.08"]
[Round "5"]
[White "Barko, Maxim"]
[Black "Giard, Antoine"]
[Result "1-0"]
[WhiteElo "1884"]
[BlackElo "1842"]
[WhiteFideId "-1"]
[WhiteFideId "-1"]
[PlyCount "75"]
[GameId "2231151952573680"]
[EventDate "2025.09.10"]
[EventType "tourn"]
[EventRounds "5"]
[EventCountry "CAN"]

1. e4 Nf6 2. e5 Nd5 3. d4 d6 4. c4 Nb6 5. exd6 exd6 6. Nc3 Nc6 7. Be2 Be7 8. Nf3 Bg4 9. b3 O-O 10. O-O Bf6 11. Be3 Re8 12. Qd2 d5 13. c5 Nc8 14. h3 Bh5 15. Rac1 N8e7 16. g4 Bg6 17. g5 Nf5 18. gxf6 Nxe3 19. fxe3 Qd7 20. Kh2 gxf6 21. Nh4 f5 22. Bd3 Ne7 23. Qg2 Kh8 24. Qg5 Rg8 25. Qf6+ Rg7 26. Nxf5 Nxf5 27. Bxf5 Bxf5 28. Rxf5 Rag8 29. Rg1 Qxf5 30. Qxf5 Rxg1 31. Qxd5 Rc1 32. Ne2 Rc2 33. Qf3 f5 34. Kh1 f4 35. Nxf4 Rxa2 36. h4 Ra1+ 37. Kh2 c6 38. Ne6 1-0

[Event "Mercredi 2025.09.10 ABCD"]
[Site "Montreal CAN"]
[Date "2025.09.10"]
[Round "1"]
[White "Liao, Minyam"]
[Black "Nardone, Raul"]
[Result "1/2-1/2"]
[WhiteElo "1685"]
[BlackElo "1791"]
[WhiteFideId "-1"]
[WhiteFideId "-1"]
[PlyCount "82"]
[GameId "2231151952573681"]
[EventDate "2025.09.10"]
[EventType "tourn"]
[EventRounds "5"]
[EventCountry "CAN"]

1. e4 c5 2. Nc3 a6 3. f4 b5 4. d4 cxd4 5. Qxd4 Nc6 6. Qf2 e6 7. Nf3 Bb4 8. Bd2 Qe7 9. Bd3 Bc5 10. Be3 Bxe3 11. Qxe3 Nb4 12. O-O Nh6 13. h3 Nxd3 14. Qxd3 Bb7 15. Rad1 Rd8 16. a3 Qc5+ 17. Qd4 Qxd4+ 18. Rxd4 f5 19. e5 Nf7 20. Rfd1 Bc6 21. Kf2 Ke7 22. a4 Rb8 23. axb5 axb5 24. Na2 Rb7 25. Nb4 Rc8 26. R1d2 Ke8 27. Ke3 Ke7 28. Kf2 Rg8 29. Na6 Ra7 30. Nc5 Rc8 31. b4 Ke8 32. Ng5 Nxg5 33. fxg5 Ke7 34. Rh4 Rh8 35. g6 h6 36. Rhd4 Rf8 37. Kg3 Rh8 38. Kf4 Rf8 39. Rd6 Rc8 40. R6d4 Rf8 41. Rd6 Rc8 1/2-1/2

[Event "Mercredi 2025.09.10 ABCD"]
[Site "Montreal CAN"]
[Date "2025.09.10"]
[Round "1"]
[White "Allaire, Denis"]
[Black "Jenzen, David"]
[Result "1/2-1/2"]
[WhiteElo "1686"]
[BlackElo "1750"]
[WhiteFideId "-1"]
[WhiteFideId "-1"]
[PlyCount "39"]
[GameId "2231151952602354"]
[EventDate "2025.09.10"]
[EventType "tourn"]
[EventRounds "5"]
[EventCountry "CAN"]

1. e4 c5 2. d4 cxd4 3. Qxd4 Nc6 4. Qd3 e6 5. Nc3 a6 6. Be3 Nf6 7. Nf3 Ng4 8. O-O-O Nxe3 9. Qxe3 Be7 10. e5 b5 11. Nd4 Bb7 12. Nxc6 Bxc6 13. Ne4 O-O 14. Be2 Qc7 15. f4 Bd5 16. Bd3 Rac8 17. Nf6+ Bxf6 18. exf6 gxf6 19. Qg3+ Kh8 20. Qh4 1/2-1/2

[Event "Mercredi 2025.09.10 ABCD"]
[Site "Montreal CAN"]
[Date "2025.09.10"]
[Round "1"]
[White "Lisee, Pierre"]
[Black "Kolodner, Garry"]
[Result "1-0"]
[WhiteElo "1709"]
[BlackElo "1707"]
[WhiteFideId "-1"]
[WhiteFideId "-1"]
[PlyCount "65"]
[GameId "2231151952602355"]
[EventDate "2025.09.10"]
[EventType "tourn"]
[EventRounds "5"]
[EventCountry "CAN"]

1. e4 c5 2. Nf3 d6 3. d4 Nf6 4. Nc3 cxd4 5. Nxd4 Nc6 6. Bc4 g6 7. Nxc6 bxc6 8. e5 Nd7 9. exd6 exd6 10. O-O Ne5 11. Re1 Be7 12. Bb3 O-O 13. Bh6 Re8 14. h3 Qc7 15. f4 Nd7 16. f5 Ne5 17. fxg6 hxg6 18. Qd2 Bxh3 19. Rxe5 dxe5 20. gxh3 Bc5+ 21. Kh1 Rad8 22. Qg2 Kh7 23. Bg5 Rc8 24. Qg3 Rh8 25. Ne4 Be7 26. Bxf7 Kg7 27. Bxg6 Bxg5 28. Nxg5 Qd7 29. Be4 Rcg8 30. Rf1 Kh6 31. Rf6+ Kg7 32. Nh7+ Qg4 33. Qxg4# 1-0

[Event "Mercredi 2025.09.10 ABCD"]
[Site "Montreal CAN"]
[Date "2025.09.17"]
[Round "2"]
[White "Kolodner, Garry"]
[Black "Nardone, Raul"]
[Result "1/2-1/2"]
[WhiteElo "1707"]
[BlackElo "1791"]
[WhiteFideId "-1"]
[WhiteFideId "-1"]
[PlyCount "67"]
[GameId "2231151952602356"]
[EventDate "2025.09.10"]
[EventType "tourn"]
[EventRounds "5"]
[EventCountry "CAN"]

1. c4 f5 2. d4 Nf6 3. Nf3 g6 4. b3 Bg7 5. Bb2 O-O 6. e3 d6 7. Bd3 c6 8. O-O Na6 9. Nbd2 Nc7 10. Qc2 Bd7 11. Rfe1 Nh5 12. g3 Nf6 13. Kg2 Qc8 14. Ng1 Ne6 15. f4 Qd8 16. Nh3 Rc8 17. Nf2 d5 18. c5 Ne4 19. Nf3 Kh8 20. h4 Bf6 21. Nh3 Qe8 22. Nhg5 h6 23. Nxe6 Bxe6 24. Bxe4 fxe4 25. Nh2 g5 26. hxg5 hxg5 27. Rh1 Kg7 28. Rag1 Qh5 29. Kf2 Rh8 30. Ke1 Kf7 31. Qf2 Kf8 32. g4 Qh4 33. f5 Bd7 34. Nf1 1/2-1/2

[Event "Mercredi 2025.09.10 ABCD"]
[Site "Montreal CAN"]
[Date "2025.09.17"]
[Round "2"]
[White "Lisee, Pierre"]
[Black "Allaire, Denis"]
[Result "1-0"]
[WhiteElo "1709"]
[BlackElo "1686"]
[WhiteFideId "-1"]
[WhiteFideId "-1"]
[PlyCount "73"]
[GameId "2231151952602357"]
[EventDate "2025.09.10"]
[EventType "tourn"]
[EventRounds "5"]
[EventCountry "CAN"]

1. e4 g6 2. d4 Bg7 3. Nc3 d6 4. f4 a6 5. Nf3 b5 6. a3 Bb7 7. Bd3 Nc6 8. Be3 e5 9. fxe5 dxe5 10. d5 Nd4 11. O-O Ne7 12. Bxd4 exd4 13. Ne2 c6 14. d6 Qxd6 15. e5 Bxe5 16. Nxe5 Qxe5 17. Ng3 Nd5 18. Re1 Ne3 19. Qf3 O-O 20. c3 Rae8 21. Be4 Qc5 22. cxd4 Qxd4 23. Qxe3 Qxe3+ 24. Rxe3 f5 25. Rae1 fxe4 26. Nxe4 Rd8 27. Ng5 Rd2 28. Re7 Bc8 29. Rxh7 Rd5 30. h4 Rxg5 31. Ree7 Re8 32. Rxe8+ Kxh7 33. hxg5 Bf5 34. Ra8 Kg7 35. Rxa6 Be4 36. Ra7+ Kf8 37. Kf2 1-0

[Event "Mercredi 2025.09.10 ABCD"]
[Site "Montreal CAN"]
[Date "2025.09.17"]
[Round "2"]
[White "Jenzen, David"]
[Black "Liao, Minyam"]
[Result "1/2-1/2"]
[WhiteElo "1750"]
[BlackElo "1685"]
[WhiteFideId "-1"]
[WhiteFideId "-1"]
[PlyCount "128"]
[GameId "2231151952602358"]
[EventDate "2025.09.10"]
[EventType "tourn"]
[EventRounds "5"]
[EventCountry "CAN"]

1. e4 c5 2. c3 d5 3. exd5 Qxd5 4. d4 Nf6 5. Nf3 e6 6. Na3 a6 7. Bc4 Qe4+ 8. Be3 cxd4 9. cxd4 Bb4+ 10. Kf1 b5 11. Bd3 Qd5 12. Nc2 Be7 13. a4 b4 14. Qe2 O-O 15. Bc4 Qd8 16. h4 a5 17. h5 h6 18. Ne5 Ba6 19. Rh3 Bxc4 20. Qxc4 Qd5 21. Qe2 Nbd7 22. Nd3 Rfc8 23. Nce1 Rc6 24. Nf4 Qc4 25. Nfd3 Qd5 26. Nf4 Qc4 27. Nfd3 Rac8 28. Rg3 Bd6 29. Rh3 e5 30. dxe5 Nxe5 31. Bd2 Nxd3 32. Rxd3 Re8 33. Qf3 Ng4 34. Qd5 Qxd5 35. Rxd5 Re5 36. Rxe5 Bxe5 37. Nd3 Bxb2 38. Nxb2 Rc2 39. Bc1 Rxf2+ 40. Kg1 Rf5 41. Nd3 Rxh5 42. Bf4 Rd5 43. Ne1 g5 44. Bc7 Kh7 45. Nf3 Kg6 46. Rc1 Ne3 47. Bb6 Rd1+ 48. Rxd1 Nxd1 49. Nd2 Nc3 50. Bxa5 Nxa4 51. Bxb4 Nb2 52. Be7 f5 53. Nf3 Nd3 54. Bd6 Kf6 55. Kf1 g4 56. Nd4 Kg5 57. Ne6+ Kg6 58. Nd4 Kg5 59. g3 h5 60. Kg2 Kf6 61. Ne2 Ne1+ 62. Kf1 Nf3 63. Bc7 Ke7 64. Bf4 Kf6 1/2-1/2

[Event "Mercredi 2025.09.10 ABCD"]
[Site "Montreal CAN"]
[Date "2025.09.23"]
[Round "3"]
[White "Allaire, Denis"]
[Black "Kolodner, Garry"]
[Result "1-0"]
[WhiteElo "1686"]
[BlackElo "1707"]
[WhiteFideId "-1"]
[WhiteFideId "-1"]
[PlyCount "61"]
[GameId "2231151952602359"]
[EventDate "2025.09.10"]
[EventType "tourn"]
[EventRounds "5"]
[EventCountry "CAN"]

1. e4 c5 2. d4 cxd4 3. Qxd4 Nc6 4. Qd3 d6 5. Nc3 g6 6. Nf3 Bg7 7. Be2 Nf6 8. Nd5 O-O 9. c3 Bg4 10. O-O Nxd5 11. exd5 Ne5 12. Nxe5 Bxe2 13. Qxe2 dxe5 14. Rd1 Qd6 15. Be3 Rfd8 16. Rac1 f5 17. c4 e6 18. c5 Qe7 19. d6 Qd7 20. Bg5 Rdc8 21. b4 a6 22. h4 Rc6 23. a4 Rac8 24. Rc2 a5 25. bxa5 Rxc5 26. Rxc5 Rxc5 27. a6 bxa6 28. Qxa6 Bf8 29. Qa8 Rc8 30. Qxc8 Qxc8 31. d7 1-0

[Event "Mercredi 2025.09.10 ABCD"]
[Site "Montreal CAN"]
[Date "2025.09.23"]
[Round "3"]
[White "Liao, Minyam"]
[Black "Lisee, Pierre"]
[Result "1-0"]
[WhiteElo "1685"]
[BlackElo "1709"]
[WhiteFideId "-1"]
[WhiteFideId "-1"]
[PlyCount "33"]
[GameId "2231151952602360"]
[EventDate "2025.09.10"]
[EventType "tourn"]
[EventRounds "5"]
[EventCountry "CAN"]

1. e4 e5 2. Nf3 Nc6 3. Bc4 Nf6 4. d3 Bc5 5. c3 d6 6. O-O Bg4 7. h3 Bh5 8. Nbd2 h6 9. Re1 g5 10. g4 Bg6 11. d4 Bb6 12. Bb5 O-O 13. Bxc6 bxc6 14. dxe5 dxe5 15. Nxe5 Bxe4 16. Nxe4 Bxf2+ 17. Nxf2 1-0

[Event "Mercredi 2025.09.10 ABCD"]
[Site "Montreal CAN"]
[Date "2025.09.23"]
[Round "3"]
[White "Nardone, Raul"]
[Black "Jenzen, David"]
[Result "1-0"]
[WhiteElo "1791"]
[BlackElo "1750"]
[WhiteFideId "-1"]
[WhiteFideId "-1"]
[PlyCount "121"]
[GameId "2231151952602361"]
[EventDate "2025.09.10"]
[EventType "tourn"]
[EventRounds "5"]
[EventCountry "CAN"]

1. d4 d5 2. Nf3 Nf6 3. g3 g6 4. Bg2 Bg7 5. O-O O-O 6. c4 c6 7. Bf4 Nbd7 8. Qc2 Nh5 9. Bg5 h6 10. Bd2 Nhf6 11. cxd5 cxd5 12. Nc3 Nb6 13. Rfd1 Bf5 14. Qb3 Ne4 15. Be1 Nxc3 16. Bxc3 Bd7 17. Re1 Re8 18. Ba5 Bc6 19. Ne5 e6 20. Rac1 Ba4 21. Bxb6 axb6 22. Qb4 Bf8 23. Qd2 Bg7 24. b3 Bd7 25. Rc2 Rc8 26. Rec1 Rxc2 27. Rxc2 Bxe5 28. dxe5 Kg7 29. h4 h5 30. Qb4 Bc6 31. Qd4 b5 32. b4 Qe7 33. a3 Ra8 34. Rc3 Rc8 35. e3 Ra8 36. Bf1 Re8 37. Be2 Ra8 38. Bf1 Re8 39. a4 bxa4 40. b5 Bd7 41. Qxa4 Rc8 42. Rxc8 Bxc8 43. Qc2 Qd8 44. Qc5 Bd7 45. b6 Qe8 46. Qc7 Bc6 47. Be2 Qd7 48. Ba6 Kf8 49. Qxd7 Bxd7 50. Bxb7 Ke7 51. Bxd5 Bc8 52. b7 Bxb7 53. Bxb7 Kd7 54. Kf1 Kc7 55. Be4 Kd7 56. Ke2 Kc7 57. Kf3 Kd7 58. Kf4 Ke7 59. Kg5 Ke8 60. Kf6 Kf8 61. Bxg6 1-0

[Event "Mercredi 2025.09.10 ABCD"]
[Site "Montreal CAN"]
[Date "2025.09.30"]
[Round "4"]
[White "Kolodner, Garry"]
[Black "Jenzen, David"]
[Result "1-0"]
[WhiteElo "1707"]
[BlackElo "1750"]
[WhiteFideId "-1"]
[WhiteFideId "-1"]
[PlyCount "113"]
[GameId "2231151952602362"]
[EventDate "2025.09.10"]
[EventType "tourn"]
[EventRounds "5"]
[EventCountry "CAN"]

1. e4 c6 2. d4 d5 3. e5 Bf5 4. Bd3 Bxd3 5. Qxd3 e6 6. c3 Nd7 7. f4 Nh6 8. Ne2 Qb6 9. Nd2 c5 10. Nf3 Rd8 11. O-O a6 12. a3 Be7 13. b4 cxb4 14. cxb4 Rc8 15. Bd2 Rc4 16. Rfc1 Qc6 17. Be1 Nb6 18. Nd2 Rxc1 19. Rxc1 Qd7 20. Qc2 O-O 21. Qc7 Bd8 22. Qxd7 Nxd7 23. Nb3 Bb6 24. Nc5 Bxc5 25. bxc5 Nf5 26. Rb1 Rb8 27. Ba5 Rc8 28. Rxb7 Nb8 29. Bd2 Nc6 30. Bc3 h5 31. Kf2 g6 32. Rb6 Nb8 33. Nc1 Kf8 34. g3 Ke8 35. Ke2 Kd7 36. Rb7+ Ke8 37. Kd3 Ne7 38. Bd2 Nbc6 39. Na2 Kf8 40. Rb6 Rb8 41. Bb4 Ra8 42. Nc1 Ke8 43. Nb3 a5 44. Bc3 Kd7 45. Rb5 Nf5 46. Rb7+ Ke8 47. Rb5 a4 48. Na5 Nfe7 49. Bd2 Kf8 50. Nxc6 Nxc6 51. Rb6 Na5 52. Bxa5 Rxa5 53. Kc3 Ra7 54. Kb4 Ke7 55. Kb5 f6 56. Kc6 fxe5 57. fxe5 1-0

[Event "Mercredi 2025.09.10 ABCD"]
[Site "Montreal CAN"]
[Date "2025.09.30"]
[Round "4"]
[White "Allaire, Denis"]
[Black "Liao, Minyam"]
[Result "0-1"]
[WhiteElo "1686"]
[BlackElo "1685"]
[WhiteFideId "-1"]
[WhiteFideId "-1"]
[PlyCount "62"]
[GameId "2231151952602363"]
[EventDate "2025.09.10"]
[EventType "tourn"]
[EventRounds "5"]
[EventCountry "CAN"]

1. e4 c5 2. d4 cxd4 3. Qxd4 Nc6 4. Qd3 Nf6 5. Nc3 e6 6. Bf4 a6 7. O-O-O b5 8. e5 Qc7 9. Qf3 Ng8 10. Ne4 Bb7 11. Nd6+ Bxd6 12. exd6 Qa5 13. Qg3 Kf8 14. Qb3 Rc8 15. Bd2 Qb6 16. Nf3 Nf6 17. Be3 Qa5 18. Bd3 Nb4 19. Kb1 Bd5 20. Qa3 Qxa3 21. bxa3 Nxa2 22. Kb2 Nc3 23. Rd2 Nce4 24. Bxe4 Nxe4 25. Rxd5 exd5 26. Ne5 Ke8 27. Re1 f6 28. Nd3 Kf7 29. f3 Nxd6 30. Bc5 Nc4+ 31. Kc1 Rhe8 0-1

[Event "Mercredi 2025.09.10 ABCD"]
[Site "Montreal CAN"]
[Date "2025.10.08"]
[Round "5"]
[White "Liao, Minyam"]
[Black "Kolodner, Garry"]
[Result "1-0"]
[WhiteElo "1685"]
[BlackElo "1707"]
[WhiteFideId "-1"]
[WhiteFideId "-1"]
[PlyCount "67"]
[GameId "2231151952602364"]
[EventDate "2025.09.10"]
[EventType "tourn"]
[EventRounds "5"]
[EventCountry "CAN"]

1. e4 c6 2. d4 d5 3. e5 Bf5 4. h4 h5 5. Bd3 Bxd3 6. Qxd3 e6 7. Bg5 Be7 8. Nf3 Nh6 9. Nbd2 Nd7 10. O-O Nf5 11. g3 Rc8 12. Rfe1 Bxg5 13. Nxg5 c5 14. c4 dxc4 15. Nxc4 cxd4 16. Nd6+ Nxd6 17. exd6 Qf6 18. Rac1 Rc6 19. b4 g6 20. Qb5 O-O 21. Rxc6 bxc6 22. Qxc6 Nb6 23. Rc1 d3 24. Qc3 d2 25. Qxd2 Rd8 26. Rc7 Rd7 27. Rxd7 Nxd7 28. Qc1 Qd4 29. Qc8+ Nf8 30. Qc7 Qf6 31. d7 Nxd7 32. Qxd7 a6 33. Qc8+ Kg7 34. Qxa6 1-0

[Event "Mercredi 2025.09.10 ABCD"]
[Site "Montreal CAN"]
[Date "2025.10.08"]
[Round "5"]
[White "Nardone, Raul"]
[Black "Allaire, Denis"]
[Result "0-1"]
[WhiteElo "1791"]
[BlackElo "1686"]
[WhiteFideId "-1"]
[WhiteFideId "-1"]
[PlyCount "42"]
[GameId "2231151952602365"]
[EventDate "2025.09.10"]
[EventType "tourn"]
[EventRounds "5"]
[EventCountry "CAN"]

1. d4 d5 2. c4 e6 3. Nf3 Nf6 4. g3 c5 5. cxd5 cxd4 6. dxe6 Bxe6 7. Bg2 Nc6 8. O-O Bc5 9. Qa4 O-O 10. Bg5 h6 11. Bxf6 Qxf6 12. Nbd2 Qe7 13. Rac1 Rad8 14. Qc2 Bb6 15. a3 a6 16. b4 Rc8 17. Qe4 Qd7 18. Nc4 Bxc4 19. Rxc4 Rfe8 20. Qc2 Qe6 21. Re1 Nxb4 0-1

[Event "Mercredi 2025.09.10 ABCD"]
[Site "Montreal CAN"]
[Date "2025.10.08"]
[Round "5"]
[White "Jenzen, David"]
[Black "Lisee, Pierre"]
[Result "1-0"]
[WhiteElo "1750"]
[BlackElo "1709"]
[WhiteFideId "-1"]
[WhiteFideId "-1"]
[PlyCount "59"]
[GameId "2231151952602366"]
[EventDate "2025.09.10"]
[EventType "tourn"]
[EventRounds "5"]
[EventCountry "CAN"]

1. e4 e5 2. Nf3 Nc6 3. Bb5 a6 4. Ba4 Nf6 5. O-O Be7 6. Re1 b5 7. Bb3 O-O 8. c3 d5 9. exd5 Nxd5 10. Nxe5 Nxe5 11. Rxe5 Nf6 12. d4 Bd6 13. Re1 Ng4 14. h3 Qh4 15. Qf3 Nxf2 16. Qxf2 Bh2+ 17. Kf1 Bg3 18. Qe3 Bxh3 19. Bd5 Bg4 20. Bxa8 Qh1+ 21. Qg1 Qxg1+ 22. Kxg1 Bxe1 23. Bf3 Bf5 24. Bf4 Re8 25. Nd2 f6 26. Nf1 b4 27. cxb4 Bxb4 28. Bxc7 Rc8 29. Bg3 Rc2 30. Ne3 1-0

[Event "Montcalm 1 2025-26"]
[Site "Quebec CAN"]
[Date "2025.09.11"]
[Round "1"]
[White "Auger, Bertrand"]
[Black "Fleury, Dominic"]
[Result "1-0"]
[WhiteElo "1808"]
[BlackElo "1344"]
[WhiteFideId "-1"]
[WhiteFideId "-1"]
[PlyCount "57"]
[GameId "2223208138334062"]
[EventDate "2025.09.11"]
[EventType "swiss"]
[EventRounds "5"]
[EventCountry "CAN"]

1. Nf3 Nf6 2. g3 d5 3. Bg2 Bf5 4. d3 Nc6 5. Bf4 e6 6. O-O Bc5 7. Nc3 O-O 8. Na4 Bd6 9. Qc1 Ne7 10. c4 Qd7 11. Nc3 Bc5 12. Ne5 Qd8 13. cxd5 exd5 14. e4 dxe4 15. dxe4 Be6 16. Nd5 Nexd5 17. exd5 Nxd5 18. Qxc5 Nxf4 19. gxf4 c6 20. Rfd1 Qh4 21. Qe3 Bf5 22. Rd6 Rfe8 23. Qg3 Qe7 24. Rad1 Rac8 25. Bh3 Bxh3 26. Qxh3 c5 27. Rd7 Qf6 28. Rxf7 Qb6 29. Rdd7 1-0

[Event "Montcalm 1 2025-26"]
[Site "Quebec CAN"]
[Date "2025.09.11"]
[Round "1"]
[White "Barrera, Eduardo"]
[Black "Lamini, Cedric"]
[Result "1-0"]
[WhiteElo "1934"]
[BlackElo "1614"]
[WhiteFideId "-1"]
[WhiteFideId "-1"]
[PlyCount "137"]
[GameId "2223208138329956"]
[EventDate "2025.09.11"]
[EventType "swiss"]
[EventRounds "5"]
[EventCountry "CAN"]

1. e4 e5 2. Nf3 Nc6 3. Bc4 Nf6 4. d3 Bc5 5. c3 d6 6. O-O h6 7. Re1 O-O 8. h3 Ne7 9. Nh4 a6 10. a4 Rb8 11. b4 Ba7 12. Qf3 Kh7 13. Na3 Be6 14. g4 Bxc4 15. Nxc4 Nfg8 16. Ng2 g5 17. Be3 Bxe3 18. fxe3 Ng6 19. Rf1 Kg7 20. Ra2 Qd7 21. Nb2 Qe6 22. Ra3 Qd7 23. Nd1 Rbd8 24. c4 c6 25. Nc3 Qe6 26. b5 Qd7 27. Rb1 Rb8 28. Rab3 Qc7 29. Qe2 cxb5 30. axb5 N8e7 31. Qb2 a5 32. b6 Qd7 33. Rb5 Ra8 34. Ra1 Nc6 35. Nd5 Nge7 36. Nc7 Rac8 37. d4 exd4 38. exd4 Kg6 39. d5 Ne5 40. Qc3 Rxc7 41. bxc7 Qxc7 42. Raxa5 Qxc4 43. Qxc4 Nxc4 44. Ra7 Nd2 45. Rbxb7 Ng8 46. e5 Nf3+ 47. Kf2 Nxe5 48. Ne3 Nf6 49. Nf5 Nxd5 50. Nxd6 Nf4 51. Kg3 Ne2+ 52. Kh2 Nf4 53. Nf5 Rd8 54. Ra6+ Ne6 55. Rb2 Rd3 56. Re2 Nf3+ 57. Kh1 Rd1+ 58. Kg2 Nfd4 59. Rf2 Nb3 60. Re2 Rd2 61. Rxd2 Nxd2 62. Ra8 Nf4+ 63. Kg3 Ne4+ 64. Kf3 Nf6 65. Rh8 Nh7 66. h4 h5 67. hxg5 hxg4+ 68. Kxf4 Nxg5 69. Rh6# 1-0

[Event "Montcalm 1 2025-26"]
[Site "Quebec CAN"]
[Date "2025.09.11"]
[Round "1"]
[White "Belanger, Mathieu-Olivier"]
[Black "Talbot, Raymond"]
[Result "1-0"]
[WhiteElo "1926"]
[BlackElo "1520"]
[WhiteFideId "-1"]
[WhiteFideId "-1"]
[PlyCount "63"]
[GameId "2223208138334054"]
[EventDate "2025.09.11"]
[EventType "swiss"]
[EventRounds "5"]
[EventCountry "CAN"]

1. e4 e5 2. Nf3 Nc6 3. Bc4 Nf6 4. d3 Bc5 5. c3 d6 6. a4 a5 7. Nbd2 O-O 8. O-O Be6 9. Re1 Nd7 10. Bxe6 fxe6 11. Qb3 Rf6 12. Nf1 Qc8 13. Bg5 Rg6 14. h4 h5 15. Ng3 Nf6 16. Bxf6 Rxf6 17. Rad1 Rb8 18. d4 Ba7 19. Nxh5 Rh6 20. Ng3 Qf8 21. Nf5 Rf6 22. h5 Kh8 23. N5h4 Ne7 24. Re2 Qf7 25. dxe5 dxe5 26. Rd7 Bb6 27. Ng6+ Rxg6 28. hxg6 Qxg6 29. Rxe7 Rf8 30. Qxe6 Rf6 31. Re8+ Kh7 32. Qh3+ 1-0

[Event "Montcalm 1 2025-26"]
[Site "Quebec CAN"]
[Date "2025.09.11"]
[Round "1"]
[White "Bergeron, Nicolas"]
[Black "Drolet, Stephane"]
[Result "0-1"]
[WhiteElo "1647"]
[BlackElo "1946"]
[WhiteFideId "-1"]
[WhiteFideId "-1"]
[PlyCount "92"]
[GameId "2223208138329955"]
[EventDate "2025.09.11"]
[EventType "swiss"]
[EventRounds "5"]
[EventCountry "CAN"]

1. e4 e6 2. d4 d5 3. Nd2 Nc6 4. Ngf3 Nf6 5. e5 Nd7 6. Be2 f6 7. exf6 Qxf6 8. Nf1 Bd6 9. Bg5 Qf7 10. Ne3 O-O 11. Qd2 Nf6 12. Bxf6 Qxf6 13. O-O-O Bd7 14. Kb1 Be8 15. h4 a5 16. g4 Bf4 17. g5 Qe7 18. Rdg1 Bh5 19. c3 a4 20. Ne1 Bxe2 21. Qxe2 Bxe3 22. fxe3 a3 23. b3 e5 24. Qc2 e4 25. Rf1 Nd8 26. Ng2 Ne6 27. c4 c6 28. Qc1 Qb4 29. Qe1 Qxe1+ 30. Nxe1 dxc4 31. bxc4 Ra4 32. Rxf8+ Kxf8 33. c5 Rb4+ 34. Kc1 Rb2 35. Nc2 Rxa2 36. Kb1 Rb2+ 37. Kc1 Rb3 38. Kd2 Nc7 39. Rf1+ Ke7 40. Rf4 a2 41. Rxe4+ Kd7 42. Rf4 Nd5 43. Rf1 Rb1 44. Rc1 Nxe3 45. Na1 Nf5 46. Kc2 Nxd4+ 0-1

[Event "Montcalm 1 2025-26"]
[Site "Quebec CAN"]
[Date "2025.09.11"]
[Round "1"]
[White "Boissinot, Claude"]
[Black "Gaulin, Gaetan"]
[Result "0-1"]
[WhiteElo "1462"]
[BlackElo "1839"]
[WhiteFideId "-1"]
[WhiteFideId "-1"]
[PlyCount "68"]
[GameId "2223208138334057"]
[EventDate "2025.09.11"]
[EventType "swiss"]
[EventRounds "5"]
[EventCountry "CAN"]

1. e4 c6 2. d4 d5 3. exd5 cxd5 4. c4 Nf6 5. Nc3 e6 6. a3 Be7 7. Nf3 O-O 8. Bd3 dxc4 9. Bxc4 Nc6 10. O-O a6 11. b4 b5 12. Bd3 Bb7 13. Be3 Rc8 14. Rc1 Nd5 15. Ne4 Qb6 16. Nc5 Rfd8 17. Ne5 Nxe5 18. dxe5 Nxe3 19. fxe3 g6 20. Qe2 Bxc5 21. bxc5 Rxc5 22. Qf2 Rd7 23. e4 Rdc7 24. Rc2 Qc6 25. Rfc1 Rxc2 26. Rxc2 Qd7 27. Rxc7 Qxc7 28. Qd4 Qc1+ 29. Bf1 Qxa3 30. Qd8+ Qf8 31. Qd3 Qc5+ 32. Kh1 Qxe5 33. Qd8+ Kg7 34. h4 h5 0-1

[Event "Montcalm 1 2025-26"]
[Site "Quebec CAN"]
[Date "2025.09.11"]
[Round "1"]
[White "Bourassa, Samuel"]
[Black "Tremblay, Noah"]
[Result "0-1"]
[WhiteElo "2069"]
[BlackElo "1672"]
[WhiteFideId "-1"]
[WhiteFideId "-1"]
[PlyCount "70"]
[GameId "2223208138325858"]
[EventDate "2025.09.11"]
[EventType "swiss"]
[EventRounds "5"]
[EventCountry "CAN"]

1. e4 e5 2. Nf3 Nc6 3. Bc4 Nf6 4. d3 Bc5 5. c3 d6 6. b4 Bb6 7. h3 h6 8. Qb3 O-O 9. a4 a5 10. Be3 Bxe3 11. fxe3 axb4 12. cxb4 Ne7 13. Nc3 c6 14. O-O d5 15. exd5 b5 16. dxc6 bxc4 17. dxc4 Nxc6 18. Nd5 Qd6 19. Nb6 Rb8 20. c5 Be6 21. Qb2 Qc7 22. b5 e4 23. Nd4 Ne5 24. Qc3 Rxb6 25. Nc6 Rxc6 26. bxc6 Nf3+ 27. gxf3 Qg3+ 28. Kh1 Qxh3+ 29. Kg1 Qg3+ 30. Kh1 Bh3 31. Rg1 Qxf3+ 32. Kh2 Ng4+ 33. Rxg4 Bxg4 34. Qe1 Qh3+ 35. Kg1 Bf3 0-1